| 000 | 00470nab a2200145Ia 4500 | ||
|---|---|---|---|
| 003 | ES-SlBCS | ||
| 005 | 20210601125444.0 | ||
| 008 | 140529s1975 xxu||||| |||| 00| 0 eng d | ||
| 041 | _aeng | ||
| 100 | 1 |
_aCarson Mark, Thomas _9155996 |
|
| 245 | 0 | 0 |
_aOrdine Geometrica Demonstrata: Spinoza´s Use of the Axiomatic Method _c Thomas Carson Mark |
| 600 | 1 | 4 |
_aSpinoza _9129845 |
| 773 | 0 |
_tReview of Methaphysics _gvol. 29, nº. 114, 1975, págs. 263-286 _wRev843 |
|
| 942 | _cAR | ||
| 999 |
_c530628 _d530628 |
||